Matématica elemental: desde un punto de vista superior

Uloženo v:
Podrobná bibliografie
Hlavní autor: Klein, Felix (Autor)
Médium: Kniha
Jazyk:španělština
Vydáno: Madrid Nuevas Gráficas 1950
Edice:Biblioteca Matématica
Témata:
Tagy: Přidat tag
Žádné tagy, Buďte první, kdo vytvoří štítek k tomuto záznamu!

MARC

LEADER 00000nam a2200000 a 4500
001 UCZ7410
003 CL-VaPUC
008 960105e19500000SP |||||||||||||||||spa|d
082 0 4 |a 510  |b KLE  |2 21 
100 |a Klein, Felix  |e author  |9 564128 
245 1 0 |a Matématica elemental: desde un punto de vista superior 
300 |a v 
942 |c BK 
945 |d 19960105 00:00:00  |a rleighto 
260 |a Madrid  |b Nuevas Gráficas  |c 1950 
500 |a v.1: Aritmética, álgebra, análisis 
500 |a v.2: Geometria 
650 0 |a Aritmética   |9 270049 
650 0 |a Cálculo  |9 260234 
650 0 |a Números   |9 265328 
650 0 |a Álgebra  |9 259567 
650 0 |a Raíces cuadradas  |9 352275 
650 0 |a Análisis matemático   |9 260146 
650 0 |a Conjuntos  |9 342214 
650 0 |a Figuras geométricas   |9 347994 
583 |a last modification  |c 20171004 12:17:34  |k Rodrigo Vera 
490 0 |a Biblioteca Matématica 
999 |c 243493  |d 243491 
952 |0 0  |1 0  |2 ddc  |4 0  |6 510_000000000000000_KLE_1950  |7 0  |8 A  |9 257145  |a BIBARQ  |b BIBARQ  |c PAC  |d 2019-11-19  |h v.1  |i 3158470  |o 510 KLE 1950  |p 3158470  |r 2025-01-20  |w 2019-11-19  |y BK  |k ARQ 
952 |0 0  |1 0  |4 0  |6 510_000000000000000_KLE_1950  |7 0  |8 A  |9 257146  |a BIBMAT  |b BIBMAT  |d 2019-11-19  |h v.1  |i 149175K  |l 1  |m 5  |o 510 KLE 1950  |p 149175K  |r 2025-01-07  |s 2024-09-27  |w 2019-11-19  |y BK  |k MAT 
952 |0 0  |1 0  |2 ddc  |4 0  |6 510_000000000000000_KLE_1950  |7 0  |8 A  |9 257147  |a BIBARQ  |b BIBARQ  |c PAC  |d 2019-11-19  |h v.1  |i 2637685  |o 510 KLE 1950  |p 2637685  |r 2025-01-20  |w 2019-11-19  |y BK  |k ARQ